| 000 | 00707nai a2200193Ia 4500 | ||
|---|---|---|---|
| 003 | IN-BaIIA | ||
| 008 | 211028c9999 xx s 000 0 eng d | ||
| 022 | _a0098-5589 (Print) | ||
| 022 | _a1939-3520 (Online) | ||
| 040 | _cIIA Library | ||
| 245 | 0 |
_aIEEE Transactions on Software Engineering _h[eJournal] |
|
| 260 |
_aNew York, USA _bThe Institute of Electrical and Electronics Engineers, Inc. (IEEE) |
||
| 310 | _aMonthly | ||
| 362 | _aSE-1(1); 1975 - Present | ||
| 521 | _bSubscribed through National Knowledge Resource Consortium (NKRC) | ||
| 650 |
_aComputing and Processing _948785 |
||
| 856 |
_uhttps://ieeexplore.ieee.org/servlet/opac?punumber=32 _yClick Here to Access eJournal |
||
| 942 | _cEJ | ||
| 999 |
_c34738 _d34738 |
||